000 00665nam a22002177a 4500
999 _c20443
_d20443
003 AR-CdUCM
008 190530b ||||| |||| 00| 0 spa d
040 _aMUNICIPALIDAD PROVINCIAL DEL CUSCO
_cBIBLIOTECA MUNICIPAL DEL CUSCO
082 _a985.009 /
_bES77
100 _aEscobar, Alberto y Oviedo, José Miguel
_942745
245 _aRicardo Palma /
260 _aLima :
_c1964.
300 _a160 páginas :
_c20 cm.
500 _a[libro reempastado]
505 _aContenido: Ricardo palma -- Cesar Vallejo.
650 _aR. Palma
_942746
650 _aHistoria peruana
_91316
650 _aEscritores peruanos
_9979
942 _2ddc
_cLIBROS
945 _aAndy